La serpiente de oro

Збережено в:
Бібліографічні деталі
Автор: Alegría Bazán, Ciro (Автор)
Формат: Книга
Мова:Іспанська
Опубліковано: Buenos Aires Losada S. A 1971
Редагування:2a. ed
Серія:Biblioteca Clásica y Contemporánea, 353
Предмети:
Теги: Додати тег
Немає тегів, Будьте першим, хто поставить тег для цього запису!

MARC

LEADER 00000cam a2200000 a 4500
001 UCF8379
003 CL-VaPUC
008 130829e19710624ag |||||||||||||||||spa|d
082 0 4 |a Pe863  |b ALE  |2 21 
100 0 |a Alegría Bazán, Ciro  |e author  |9 570437 
245 1 3 |a La serpiente de oro 
250 |a 2a. ed 
300 |a 181 p 
942 |c BK 
945 |d 20130829 16:45:00  |a dcastane 
260 |a Buenos Aires  |b Losada S. A  |c 1971 
650 7 |a NOVELAS PERUANAS  |2 CL-VaPUC  |9 570438 
650 0 |a Literatura peruana  |9 257452 
583 |a last modification  |c 20190712 03:58:41  |k Rodrigo Vera 
490 0 |a Biblioteca Clásica y Contemporánea, 353 
999 |c 352953  |d 352951 
952 |0 0  |1 0  |3 erb  |4 0  |6 PE_863_000000000000000_ALE_1971  |7 0  |8 A  |9 457748  |a BIBEDU  |b BIBEDU  |d 2019-11-23  |i 4997700  |o Pe863 ALE 1971  |p 4997700  |r 2019-11-23  |w 2019-11-23  |y BK  |z Catalogado en:20130829  |k LIT